Name a Valid Compound Word - Statistics

General Stats
  • This quiz has been taken 216 times
  • The average score is 11 of 16
Answer Stats
Hint Answer % Correct
Humming... bird
95%
Grape... fruit/shot/vine
83%
Marks... man/woman
83%
Pillow... case
82%
Stove... pipe/top
78%
Take... away/down/off/out/over/up
71%
Hammer... head/lock/stone/toe
70%
Basket... ball/work
67%
Border... land/line
67%
Grass... hopper/land/root
65%
Floor... board/cloth/pan/walker
64%
Ruck... sack
64%
Laughing... stock
64%
Sandal... wood
56%
Thorn... back/bush
47%
Force... meat
5%
No matching quizzes found
Score Distribution
Percent of People with Each Score
Percentile by Number Answered
Your Score History
You have not taken this quiz